[Event "KIrov Shakhova Memorial 12th"]
[Site "Kirov"]
[Date "2019.10.12"]
[Round "5"]
[White "Tetenkin, Danil"]
[Black "Shuljya, Alexander"]
[Result "1-0"]
[WhiteElo "1396"]
[BlackElo "1680"]
[PlyCount "97"]
[EventDate "2019.10.05"]
[EventType "tourn"]
[EventRounds "11"]
[EventCountry "RUS"]
[SourceTitle "CBM 193 Extra"]
[Source "ChessBase"]
[SourceDate "2020.01.31"]
[SourceVersion "1"]
[SourceVersionDate "2020.01.31"]
[SourceQuality "1"]

1. d4 d5 2. c4 e6 3. Nc3 Nf6 4. Bg5 Nbd7 5. cxd5 exd5 6. e3 Be7 7. Bd3 c6 8. Nf3 0-0 9. 0-0 Re8 10. Qc2 h6 11. Bxf6 Nxf6 12. Ne5 Bd6 13. f4 Ng4 14. Rae1 Qh4 15. h3 Nxe5 16. fxe5 Bc7 17. Nxd5 Bxe5 18. dxe5 cxd5 19. Rc1 Be6 20. Qc3 Qg5 21. Kh2 Rac8 22. Qd4 b6 23. Bb5 Red8 24. b4 Qg6 25. Bd3 Qg5 26. Ba6 Rxc1 27. Rxc1 Re8 28. Qf4 Qe7 29. Bb5 Rd8 30. a3 a5 31. Rc6 axb4 32. axb4 Qb7 33. Qd4 Rb8 34. Rd6 Qa7 35. Bc6 Qa3 36. Bxd5 Bxd5 37. Rxd5 Qa8 38. Rd6 b5 39. e6 Re8 40. exf7+ Kxf7 41. Rd7+ Re7 42. Rxe7+ Kxe7 43. Qxg7+ Ke6 44. Qxh6+ Kd5 45. Qg5+ Kc4 46. Qc5+ Kd3 47. Qxb5+ Kxe3 48. Qe5+ Kf2 49. Qg3+ 1-0

[Event "KIrov Shakhova Memorial 12th"]
[Site "Kirov"]
[Date "2019.10.05"]
[Round "1"]
[White "Kryukov, Denis"]
[Black "Tetenkin, Danil"]
[Result "1/2-1/2"]
[WhiteElo "1386"]
[BlackElo "1396"]
[PlyCount "74"]
[EventDate "2019.10.05"]
[EventType "tourn"]
[EventRounds "11"]
[EventCountry "RUS"]
[SourceTitle "CBM 193 Extra"]
[Source "ChessBase"]
[SourceDate "2020.01.31"]
[SourceVersion "1"]
[SourceVersionDate "2020.01.31"]
[SourceQuality "1"]

1. d4 c6 2. c4 d5 3. Nc3 Nf6 4. Nf3 g6 5. Bf4 Bg7 6. e3 Nh5 7. cxd5 Nxf4 8. exf4 cxd5 9. Be2 Bg4 10. Ne5 Bxe2 11. Qxe2 0-0 12. Qb5 Nc6 13. Rd1 Nxe5 14. fxe5 e6 15. 0-0 b6 16. Qb3 Qd7 17. Qb5 Rfd8 18. Rc1 Bf8 19. Qxd7 Rxd7 20. a3 Be7 21. Nb5 Kf8 22. Rc7 Ke8 23. Rfc1 a6 24. Rc8+ Rxc8 25. Rxc8+ Bd8 26. Nc3 Rc7 27. Rxc7 Bxc7 28. a4 f6 29. f4 fxe5 30. fxe5 Kd7 31. Kf2 Kc6 32. b4 Kd7 33. Kf3 Bd8 34. b5 a5 35. Ne2 Bg5 36. Nf4 Bxf4 37. Kxf4 h6 1/2-1/2

[Event "KIrov Shakhova Memorial 12th"]
[Site "Kirov"]
[Date "2019.10.05"]
[Round "2"]
[White "Sergeev, Konstantin Mikhailo"]
[Black "Tetenkin, Danil"]
[Result "1-0"]
[WhiteElo "1686"]
[BlackElo "1396"]
[PlyCount "43"]
[EventDate "2019.10.05"]
[EventType "tourn"]
[EventRounds "11"]
[EventCountry "RUS"]
[SourceTitle "CBM 193 Extra"]
[Source "ChessBase"]
[SourceDate "2020.01.31"]
[SourceVersion "1"]
[SourceVersionDate "2020.01.31"]
[SourceQuality "1"]

1. e4 c6 2. Nf3 d5 3. exd5 cxd5 4. b3 f6 5. d4 Nc6 6. Be2 e5 7. dxe5 fxe5 8. 0-0 Nf6 9. Bb2 Bd6 10. Bb5 Qc7 11. Re1 e4 12. Bxf6 gxf6 13. Qxd5 Bd7 14. Rxe4+ Ne5 15. Bxd7+ Kxd7 16. Nxe5+ fxe5 17. Na3 Rhf8 18. Nc4 Qc5 19. Nxe5+ Kc7 20. Rc4 b6 21. Rxc5+ Bxc5 22. Qd7+ 1-0